Consumo, condiciones de vida y comercialización: Cataluña y Castilla, siglos XVII-XIX
Guardado en:
| Autores principales: | , |
|---|---|
| Formato: | Libro |
| Lenguaje: | español |
| Publicado: |
Valladolid, España
Junta de Castilla y León
1999
|
| Colección: | Estudios de Historia
|
| Materias: | |
| Etiquetas: |
Agregar Etiqueta
Sin Etiquetas, Sea el primero en etiquetar este registro!
|
MARC
| LEADER | 00000nam a2200000 a 4500 | ||
|---|---|---|---|
| 001 | UCN2607 | ||
| 003 | CL-VaPUC | ||
| 005 | 20240820110605.0 | ||
| 008 | 010530e19990000SP |||||||||||||||||spa|d | ||
| 999 | |c 295661 |d 295659 | ||
| 040 | |c Pontificia Universidad Católica de Valparaíso | ||
| 082 | 0 | 4 | |a 946.05 TOR 1999 |2 21 |
| 100 | 0 | |a Torras Elías, J |e author |9 458654 | |
| 245 | 1 | 0 | |a Consumo, condiciones de vida y comercialización: |b Cataluña y Castilla, siglos XVII-XIX |
| 260 | |a Valladolid, España |b Junta de Castilla y León |c 1999 | ||
| 300 | |a 436 páginas | ||
| 490 | 0 | |a Estudios de Historia | |
| 583 | |a last modification |c 20010530 00:00:00 |k Rodrigo Vera | ||
| 650 | 7 | |a HISTORIA DE ESPAÑA |2 CL-VaPUC |9 458656 |y SIGLOS 17-19 |z CATALUÑA |z CASTILLA | |
| 650 | 0 | |a Relaciones Internacionales |z ESPAÑA |9 255740 | |
| 650 | 7 | |a COMERCIO INTERNACIONAL |2 CL-VaPUC |9 458657 |z ESPAÑA |z CATALUÑA |z CASTILLA | |
| 650 | 0 | |a Aspectos sociales |z ESPAÑA |9 254894 | |
| 700 | 0 | |a Yun Casalillas, B |e author |9 458655 | |
| 852 | |a BIBCUR | ||
| 942 | |c BK |2 ddc | ||
| 945 | |d 20010530 00:00:00 |a cmena | ||
| 952 | |0 0 |1 0 |2 ddc |4 0 |6 946_050000000000000_TOR_1999 |7 0 |8 A |9 348959 |a BIBHIS |b BIBHIS |d 2019-11-20 |i 3675564 |o 946.05 TOR 1999 |p 3675564 |r 2025-01-20 |t 1 |w 2019-11-20 |y BK |k HIS | ||